Presidents of Chile - Statistics

General Stats
  • This quiz has been taken 25 times
  • The average score is 21 of 39
Answer Stats
Years served Party President % Correct
1973 - 1990 Military Augusto Pinochet
96%
2022 - Present Social Convergence, Frente Amplio Gabriel Boric
88%
President Elect Republican José Antonio Kast
83%
2006 - 2010 Socialist Michelle Bachelet
83%
2014 - 2018 Socialist Michelle Bachelet
83%
1970 - 1973 Socialist Salvador Allende
83%
2010 - 2014 National Renewal Sebastián Piñera
83%
2018 - 2022 Independent Sebastián Piñera
83%
2000 - 2006 Party For Democracy Ricardo Lagos
75%
1938 - 1941 Radical Pedro Aguirre Cerda
67%
1920 - 1925 Liberal Arturo Alessandri
63%
1932 - 1938 Liberal Arturo Alessandri
63%
1964 - 1970 Christian Democratic Eduardo Frei Montalva
63%
1958 - 1964 Independent Jorge Alessandri
63%
1891 - 1896 Military Jorge Montt
63%
1851 - 1861 Conservative, National Manuel Montt
63%
1906 - 1910 National Pedro Montt
63%
1927 - 1931 Independent Carlos Ibáñez del Campo
58%
1952 - 1958 Independent Carlos Ibáñez del Campo
58%
1946- 1952 Radical Gabriel González Videla
54%
1990 - 1994 Christian Democratic Patricio Aylwin
54%
1994 - 2000 Christian Democratic Eduardo Frei Ruiz-Tagle
50%
1886 - 1891 Liberal José Manuel Balmaceda
50%
1826 Independent Manuel Blanco Encalada
46%
1841 - 1851 Conservative Manuel Bulnes
46%
1831 - 1841 Pelucones, Conservative Joaquín Prieto
42%
1942 - 1946 Radical Juan Antonio Ríos
38%
1876 - 1881 Liberal Aníbal Pinto
33%
1827 - 1829 Pipiolos Francisco Antonio Pinto
33%
1901 - 1906 Liberal Germán Riesco
33%
1910 - 1915 Liberal Ramón Barros Luco
33%
1881 - 1886 Liberal Domingo Santa María
29%
1861 - 1871 National José Joaquín Pérez
29%
1915 - 1920 Liberal Democratic Juan Luis Sanfuentes
25%
1931 - 1932 Radical Juan Esteban Montero
21%
1827 Pipiolos Ramón Freire
21%
1925 - 1927 Liberal Democratic Emiliano Figueroa
17%
1896 - 1901 Liberal Federico Errázuriz Echaurren
17%
1871 - 1876 Liberal Federico Errázuriz Zañartu
17%
No matching quizzes found
Score Distribution
Percent of People with Each Score
Percentile by Number Answered
Your Score History
You have not taken this quiz